Statistics for The BTS V Quiz

Click here to take the quiz!

General Stats

  • This quiz has been taken 1,259 times
  • The average score is 12 of 22

Answer Stats

Hint Answer % Correct
Full real name (Romanization)Kim Taehyung
96%
Birth year1995
83%
Age he is in the United States (June 2016)20
78%
Age he is in Korea (2016)22
77%
Birthday (Month, day)December 30
70%
City he was born inDaegu
67%
Korean Drama he starred inHwarang
67%
PositionVocalist
67%
Language he speaks other than KoreanJapanese
65%
Favorite colorBlack
60%
Adele song he coveredSomeone Like You
58%
Favorite colorWhite
56%
Astrological signCapricorn
46%
Girl costume he woreLadybug princess
42%
What he eats in the War of Hormone videoLollipop
40%
Profession in the Dope videoDetective
39%
2014 Halloween costumeJoker
38%
Nickname given by BTS membersAlien
31%
Full real name (Hangul)κΉ€νƒœν˜•
30%
Stage name (Hangul)λ·”
24%
Song he did with J-Hope, Jimin, and JungkookBeautiful
24%
Shirt he wears in the Run videoNirvana
15%

Score Distribution

Percentile by Number Answered

Percent of People with Each Score

Your Score History

You have not taken this quiz